[Event "Zuerich Weihnachtsopen Masters"]
[Site "Zuerich SUI"]
[Date "2011.12.30"]
[Round "7"]
[White "Kessler,L"]
[Black "Heimann,An"]
[Result "0-1"]
[WhiteElo "2241"]
[BlackElo "2459"]

1.d4 Nf6 2.c4 g6 3.Nc3 d5 4.cxd5 Nxd5 5.e4 Nxc3 6.bxc3 Bg7 7.Nf3 c5 8.Be3 Qa5
9.Qd2 Nc6 10.Rb1 a6 11.Rc1 Bg4 12.d5 Rd8 13.c4 Nb4 14.Be2 Bxf3 15.gxf3 b6
16.O-O Qxa2 17.f4 Qxd2 18.Bxd2 Bd4 19.Be3 Bxe3 20.fxe3 e6 21.Rfd1 f5 22.exf5 exf5
23.Kf2 Ke7 24.h4 Kf6 25.Rg1 Rhg8 26.h5 Rg7 27.Rg5 Rdg8 28.Rcg1 a5 29.e4 fxe4
30.Ke3 gxh5 31.Rxg7 Rxg7 32.Rh1 a4  0-1

[Event "Cracovia Comarch Cup"]
[Site "Krakow POL"]
[Date "2011.12.31"]
[Round "5.3"]
[White "Rajlich,I"]
[Black "Andersen,Mad"]
[Result "1/2-1/2"]
[WhiteElo "2428"]
[BlackElo "2384"]

1.d4 Nf6 2.c4 g6 3.Nc3 d5 4.cxd5 Nxd5 5.e4 Nxc3 6.bxc3 Bg7 7.Nf3 c5 8.Rb1 O-O
9.Be2 cxd4 10.cxd4 Qa5+ 11.Qd2 Qxd2+ 12.Bxd2 b6 13.O-O Bb7 14.d5 Na6 15.Bg5 f6
16.Be3 f5 17.Ng5 Nc7 18.Bf4 h6 19.Bxc7 hxg5 20.Bc4 Kh7 21.Bb3 Rac8 22.Rbc1 fxe4
23.Rfd1 Bb2 24.Rc2 Ba3 25.Bg3 Ba6 26.Rc6 Bd3 27.h3 Bc5 28.Kh2 Bb5 29.Re6 Bd3
30.Rc1 Kh6 31.Rc6 Bb5 32.Re6 Bd3 33.Rc6 Bb5 34.Re6  1/2-1/2

[Event "Hastings Masters 2011-12"]
[Site "Hastings ENG"]
[Date "2012.01.01"]
[Round "5.16"]
[White "MacQueen,C"]
[Black "Demuth,A"]
[Result "1-0"]
[WhiteElo "2219"]
[BlackElo "2442"]

1.d4 Nf6 2.c4 g6 3.Nc3 d5 4.cxd5 Nxd5 5.e4 Nxc3 6.bxc3 Bg7 7.Be3 c5 8.Rc1 Qa5
9.Qd2 O-O 10.Nf3 Bg4 11.Ng5 Na6 12.d5 Rad8 13.f3 Bd7 14.h4 e6 15.h5 exd5
16.hxg6 hxg6 17.g4 Rfe8 18.Rh7 Bxg4 19.fxg4 f6 20.Rxg7+ Kxg7 21.Nh3 Rxe4
22.Bd3 Ree8 23.Kf2 Rh8 24.Nf4 Rh2+ 25.Ng2 d4 26.Bf4 Rhh8 27.g5 Rdf8 28.Rb1 b6
29.Re1 fxg5 30.Re7+ Kh6 31.Kg3 gxf4+ 32.Nxf4 Qxc3 33.Qg2 Rf5 34.Qh3+ Rh5
35.Qe6 Rg5+ 36.Kf3 Qd2 37.Qh3+ Rh5 38.Qg4 Qd1+ 39.Re2 Qh1+ 40.Rg2 Rg8 41.Bxa6 Rf5
42.Be2 Rf6 43.Kg3 Qe1+ 44.Kh2 Rh8 45.Nh5 Re6 46.Qf4+ Kh7 47.Qf7+  1-0

[Event "Northern California International"]
[Site "Fremont USA"]
[Date "2012.01.02"]
[Round "1"]
[White "Jayakumar,A"]
[Black "Collins,S IRL"]
[Result "0-1"]
[WhiteElo "2197"]
[BlackElo "2426"]

1.d4 Nf6 2.c4 g6 3.Nc3 d5 4.cxd5 Nxd5 5.e4 Nxc3 6.bxc3 Bg7 7.Bc4 c5 8.Ne2 Nc6
9.Be3 O-O 10.O-O Bg4 11.f3 Bd7 12.Qd2 Rc8 13.Rac1 Qa5 14.Rfd1 cxd4 15.cxd4 b5
16.Bd3 Qxd2 17.Rxd2 Nb4 18.Bb1 Rxc1+ 19.Nxc1 a5 20.Kf2 f5 21.Bg5 fxe4 22.Bxe4 Kf7
23.Nb3 Bf5 24.Ke3 Rd8 25.Nxa5 Bxe4 26.Kxe4 Ra8 27.a3 Nd5 28.Kxd5 Rxa5 29.Kc6 b4
30.axb4 Rxg5 31.b5 Rf5 32.b6 Rf6+ 33.Kc7 Bh6 34.Rc2 Bf4+ 35.Kb7 Bxh2 36.Ka7 Bg1
37.b7 Bxd4+ 38.Kb8 Be5+ 39.Ka7 Bd4+ 40.Kb8 Be5+ 41.Ka7 h5 42.b8=Q Bxb8+ 43.Kxb8 h4
44.Rc3 Rf4 45.Kc7 g5 46.Kc6 Rd4 47.Rc2 Kf6 48.Kc5 Rf4 49.Rc3 Ra4 50.Rc2 Rf4
51.Rc3 g4 52.fxg4 Rxg4 53.Rc2 e5 54.Re2 Rd4 55.Ra2 Kf5 56.Rf2+ Ke4 57.Rf8 Ke3
58.Rg8 Kf2 59.Rg5 Rd3 60.Rg4 Rd4 61.Rg5 Rd3 62.Rg4 Ke3 63.Rxh4 e4 64.Kc4 Rd8
65.Rh7 Kf2 66.Re7 e3 67.g4 e2 68.Rf7+ Kg2 69.Re7 Kf1 70.Rf7+ Kg1 71.Re7 Kf1
72.Rf7+ Ke1 73.Ra7 Kd2 74.Ra2+ Ke3 75.Ra3+ Kf4  0-1

[Event "Cracovia Comarch Cup"]
[Site "Krakow POL"]
[Date "2012.01.02"]
[Round "6.4"]
[White "Kanarek,M"]
[Black "Rajlich,I"]
[Result "1-0"]
[WhiteElo "2467"]
[BlackElo "2428"]

1.d4 Nf6 2.c4 g6 3.Nc3 d5 4.cxd5 Nxd5 5.e4 Nxc3 6.bxc3 Bg7 7.Bc4 c5 8.Ne2 Nc6
9.Be3 O-O 10.O-O e6 11.Qd2 Qa5 12.Qb2 Rb8 13.a4 Bd7 14.Rfb1 cxd4 15.cxd4 Rfc8
16.Bb5 Qd8 17.Qd2 a6 18.Bd3 Be8 19.e5 Qa5 20.Qb2 Bf8 21.Be4 Qd8 22.Qd2 Na5
23.Bg5 Qc7 24.h4 Bc6 25.Nc3 b6 26.Qd1 h6 27.Bf6 Bxe4 28.Nxe4 Qc2 29.Qf3 Rc4
30.Nd6 Rc3 31.Qf4 Nb3 32.Be7 f5 33.exf6 Nxa1 34.Rxa1 Rc7 35.Qe5 Qb3 36.Qe4 Kh7
37.h5 Qc2 38.hxg6+ Kh8 39.Nf7+ Kg8 40.Qxe6 Bxe7  1-0

[Event "Cracovia Open A"]
[Site "Krakow POL"]
[Date "2012.01.02"]
[Round "7.1"]
[White "Cyborowski,L"]
[Black "Tomczak,J"]
[Result "1/2-1/2"]
[WhiteElo "2548"]
[BlackElo "2544"]

1.d4 Nf6 2.c4 g6 3.Nc3 d5 4.cxd5 Nxd5 5.e4 Nxc3 6.bxc3 Bg7 7.Qa4+ Qd7 8.Qb3 O-O
9.Nf3 b6 10.Be3 Bb7 11.Bd3 c5 12.O-O Nc6 13.Rad1 cxd4 14.cxd4 e6 15.Bb5  1/2-1/2

[Event "Hastings Masters 2011-12"]
[Site "Hastings ENG"]
[Date "2012.01.03"]
[Round "7.18"]
[White "MacQueen,C"]
[Black "Padmini,R"]
[Result "0-1"]
[WhiteElo "2219"]
[BlackElo "2392"]

1.d4 Nf6 2.c4 g6 3.Nc3 d5 4.cxd5 Nxd5 5.e4 Nxc3 6.bxc3 Bg7 7.Be3 c5 8.Rc1 Qa5
9.Qd2 cxd4 10.cxd4 Qxd2+ 11.Kxd2 O-O 12.Bd3 Rd8 13.Ne2 Nc6 14.Rc4 Bd7 15.Rb1 b6
16.Rbc1 Rac8 17.h3 e6 18.g4 b5 19.R4c2 a6 20.a4 Na5 21.Rxc8 Bxc8 22.Rc7 bxa4
23.Kc3 a3 24.Bb1 Bd7 25.Ba2 Bb5 26.Nf4 Nc6 27.e5 Rb8 28.Bc1 Bf8 29.d5 Bb4+
30.Kc2 Nd4+ 31.Kb1 Ba5 32.Rc5 Bc4+ 33.Ka1 Nc2+  0-1

[Event "Cracovia Open A"]
[Site "Krakow POL"]
[Date "2012.01.04"]
[Round "9.1"]
[White "Moranda,W"]
[Black "Tomczak,J"]
[Result "1/2-1/2"]
[WhiteElo "2568"]
[BlackElo "2544"]

1.d4 Nf6 2.c4 g6 3.Nc3 d5 4.cxd5 Nxd5 5.e4 Nxc3 6.bxc3 Bg7 7.Bc4 c5 8.Ne2 O-O
9.O-O Nc6 10.Be3 e6 11.dxc5 Qa5 12.f4 Rd8 13.Qb3 Qc7 14.Rad1 Na5 15.Qa4 Nxc4
16.Qxc4 Rxd1 17.Rxd1 Bd7 18.Nd4 a6 19.Qb4 e5 20.fxe5 Bxe5 21.Nf3 Bg4  1/2-1/2

[Event "ch-AUS 2011-12"]
[Site "North Geelong AUS"]
[Date "2012.01.04"]
[Round "8.6"]
[White "Cheng,Bo"]
[Black "Stojic,D"]
[Result "1/2-1/2"]
[WhiteElo "2345"]
[BlackElo "2287"]

1.d4 Nf6 2.c4 g6 3.Nc3 d5 4.cxd5 Nxd5 5.e4 Nxc3 6.bxc3 Bg7 7.Bc4 c5 8.Ne2 Nc6
9.Be3 O-O 10.O-O Bd7 11.Qd2 cxd4 12.cxd4 Qa5 13.Rab1 Rab8 14.Rfd1 Qxd2 15.Bxd2 Rfc8
16.Bf4 e5 17.dxe5 Nxe5 18.Bxe5 Bxe5 19.Bxf7+ Kxf7 20.Rxd7+ Ke6 21.Rd2 Rd8
22.Rxd8 Rxd8 23.f4 Bc7 24.Kf2 Bb6+ 25.Ke1 Ba5+ 26.Kf1 Bb6 27.a4 Rd2 28.g3 Ra2
29.Rb4 h5 30.Nd4+ Bxd4 31.Rxd4 Rxh2 32.Rb4 b6 33.a5 bxa5 34.Ra4 h4 35.g4 Rh3
36.Kf2 Rg3 37.f5+ Kf7 38.Rxa5 gxf5 39.Rxa7+  1/2-1/2

[Event "24th Staufer-Open"]
[Site "Schwaebisch Gmuend GER"]
[Date "2012.01.04"]
[Round "5"]
[White "Graf,A"]
[Black "Gheng,J"]
[Result "1-0"]
[WhiteElo "2634"]
[BlackElo "2349"]

1.d4 Nf6 2.c4 g6 3.Nc3 d5 4.cxd5 Nxd5 5.e4 Nxc3 6.bxc3 Bg7 7.Be3 O-O 8.Rc1 a6
9.Nf3 b5 10.Qd2 Bb7 11.Bd3 Nd7 12.Bh6 e5 13.O-O c5 14.a4 exd4 15.cxd4 c4
16.Bc2 Nb6 17.Bxg7 Kxg7 18.Rb1 Bc6 19.d5 Be8 20.axb5 axb5 21.Nd4 Rb8 22.f4 Kg8
23.f5 f6 24.Ne6 Qe7 25.fxg6 Bxg6 26.Nxf8 Rxf8 27.Rxb5 Nd7 28.Qd4 Qd6 29.Qxc4 Ne5
30.Qc5 Qa6 31.Ra5 Qe2 32.Qf2 Qc4 33.h3 Qb4 34.Ra6 Nd7 35.Ba4 Nc5 36.Rxf6 Rxf6
37.Qxf6 Nxe4 38.Qe6+ Kg7 39.Qe5+ Kh6 40.Qf4+ Kg7 41.Bc2  1-0

[Event "24th Staufer-Open"]
[Site "Schwaebisch Gmuend GER"]
[Date "2012.01.05"]
[Round "7"]
[White "Braun,P"]
[Black "Gheng,J"]
[Result "1/2-1/2"]
[WhiteElo "2203"]
[BlackElo "2349"]

1.d4 Nf6 2.c4 g6 3.Nc3 d5 4.cxd5 Nxd5 5.e4 Nxc3 6.bxc3 Bg7 7.Be3 c5 8.Nf3 O-O
9.Qd2 cxd4 10.cxd4 Nc6 11.Rd1 Bg4 12.Be2 Rc8 13.O-O Na5 14.Rc1 Bxf3 15.gxf3 b6
16.Ba6 Rxc1 17.Rxc1 Qd7 18.e5 f6 19.f4 g5 20.exf6 gxf4 21.fxe7 Qxe7 22.Bxf4 Qe4
23.Bg3 Bxd4 24.Rc7 Qg4 25.Qd3 Rxf2 26.Qxh7+ Kf8 27.Qe7+ Kg8 28.Qh7+  1/2-1/2

[Event "TCh-CZE Extraliga 2011-12"]
[Site "Czech Republic CZE"]
[Date "2012.01.07"]
[Round "5.7"]
[White "Haba,P"]
[Black "David,Pa"]
[Result "1/2-1/2"]
[WhiteElo "2502"]
[BlackElo "2386"]

1.d4 Nf6 2.c4 g6 3.Nc3 d5 4.cxd5 Nxd5 5.e4 Nxc3 6.bxc3 Bg7 7.Nf3 c5 8.Rb1 O-O
9.Be2 b6 10.O-O Bb7 11.d5 Bxc3 12.h4 Bg7 13.h5 Nd7 14.hxg6 hxg6 15.Ng5 Nf6
16.Bc4 Qd7 17.Rb3 Rad8 18.Qe2 Qg4 19.Qe1 Nxe4 20.Nxe4 Bxd5 21.Bxd5 Rxd5 22.Rh3 Rfd8
23.f3 Qe6 24.Bg5 Rd1 25.Qxd1 Rxd1 26.Rxd1 Bd4+ 27.Kh2 f6 28.Bh4 Qxa2 29.Bf2 Qa4
30.Rd2 a5 31.Bxd4 cxd4 32.Rh4 g5 33.Nxf6+ exf6 34.Rhxd4 Qb5 35.Rd5 Qb4 36.R2d4 Qb3
37.Rd7 Qc3 38.Re4 Kf8 39.Ree7 Qb4 40.Rh7 Kg8 41.Rdg7+ Kf8 42.Rb7 Kg8 43.Rbg7+  1/2-1/2

[Event "TCh-CZE Extraliga 2011-12"]
[Site "Czech Republic CZE"]
[Date "2012.01.08"]
[Round "6.4"]
[White "Rogozenco,D"]
[Black "Votava,J"]
[Result "0-1"]
[WhiteElo "2552"]
[BlackElo "2538"]

1.d4 Nf6 2.c4 g6 3.Nc3 d5 4.cxd5 Nxd5 5.e4 Nxc3 6.bxc3 Bg7 7.Bc4 c5 8.Ne2 O-O
9.O-O Nc6 10.Be3 Na5 11.Bd3 cxd4 12.cxd4 b6 13.Qd2 Bb7 14.Bh6 e6 15.Bxg7 Kxg7
16.Qf4 Qe7 17.h4 Nc6 18.e5 Nb4 19.Be4 Bxe4 20.Qxe4 Rac8 21.Qg4 h5 22.Qg3 Nd5
23.Rac1 b5 24.f4 Kh7 25.Qg5 Rxc1 26.Rxc1 Qa3 27.Qg3 Qxa2 28.Qd3 b4 29.Rc5 Qa1+
30.Kf2 Qh1 31.Qg3 Qb1 32.Ra5 Kg7 33.Rxa7 Rb8 34.Qg5 Qe4 35.g4 Qe3+ 36.Ke1 Rc8
37.Kd1 b3 38.gxh5 Rc1+  0-1

[Event "Grand Prix Pyramides FFE KO"]
[Site "Le Port-Marly FRA"]
[Date "2012.01.08"]
[Round "3.1"]
[White "Fier,A"]
[Black "Vachier Lagrave,M"]
[Result "1/2-1/2"]
[WhiteElo "2603"]
[BlackElo "2699"]

1.d4 Nf6 2.c4 g6 3.Nc3 d5 4.cxd5 Nxd5 5.e4 Nxc3 6.bxc3 Bg7 7.Nf3 c5 8.Rb1 O-O
9.Be2 cxd4 10.cxd4 Qa5+ 11.Bd2 Qxa2 12.O-O Bg4 13.Rxb7 Bxf3 14.Bxf3 Bxd4
15.e5 Na6 16.Be3 Bxe3 17.fxe3 Rad8 18.Qa1 Qxa1 19.Rxa1 Nc5 20.Rxe7 Rfe8 21.Raxa7 Rxe7
22.Rxe7 Kf8 23.Rc7 Nd7 24.e6 fxe6 25.Kf2 Nf6 26.g4 g5 27.Kg3  1/2-1/2

[Event "50th TCh-DEN XtraCon 2011-12"]
[Site "Denmark DEN"]
[Date "2012.01.14"]
[Round "4.5"]
[White "Rendboe,J"]
[Black "Pedersen,JanR"]
[Result "1-0"]
[WhiteElo "2242"]
[BlackElo "2204"]

1.d4 Nf6 2.c4 g6 3.Nc3 d5 4.cxd5 Nxd5 5.e4 Nxc3 6.bxc3 Bg7 7.Bc4 c5 8.Ne2 O-O
9.O-O Nc6 10.Be3 e5 11.dxc5 Qc7 12.Rb1 Na5 13.Bd5 Rb8 14.c4 Nc6 15.Qd3 Bd7
16.Rfd1 Kh8 17.Nc3 Nd4 18.f4 Qxc5 19.fxe5  1-0

[Event "TCh-SVK Extraliga 2011-12"]
[Site "Slovakia SVK"]
[Date "2012.01.14"]
[Round "5"]
[White "Schwarz,Du"]
[Black "Szegi,T"]
[Result "0-1"]
[WhiteElo "2286"]
[BlackElo "2246"]

1.d4 Nf6 2.c4 g6 3.Nc3 d5 4.cxd5 Nxd5 5.e4 Nxc3 6.bxc3 Bg7 7.Be3 c5 8.Qd2 O-O
9.Nf3 Qa5 10.Rc1 b6 11.d5 Rd8 12.Bh6 Bh8 13.h4 Qa4 14.Bd3 Ba6 15.c4 Nd7 16.h5 b5
17.hxg6 hxg6 18.cxb5 Bxb5 19.Bxb5 Qxb5 20.Bf4 Bg7 21.Qc2 Rac8 22.Qc4 Qxc4
23.Rxc4 Nb6 24.Rc2 f5 25.Nh4 fxe4 26.Nxg6 Nxd5 27.Rh5 Kf7 28.Nh4 Nb4 29.Rc4 Nd3+
30.Kf1 Rd4 31.Rc2 Rb4 32.Bd2 Rb1+ 33.Ke2 c4 34.Nf5 c3 35.Rh7 cxd2 36.Rxg7+ Kf6
37.Kxd2 Rxc2+ 38.Kxc2 Rb2+ 39.Kc3 Kxf5 40.f3 Kf6 41.Rg4 Rxa2 42.Rxe4 Ne5
43.Rf4+ Ke6 44.Re4 Kd5 45.Rd4+ Kc5 46.Re4 Nc6 47.Rg4 Ra3+ 48.Kb2 Rd3 49.Kc2 Rd4
50.Rg8 a5 51.g4 Rf4 52.g5 Rxf3 53.g6 Rg3 54.g7 a4 55.Kb2 a3+ 56.Kb1 Rg2 57.Ka1 e5
58.Kb1 Ne7  0-1

[Event "TCh-BEL 2011-12"]
[Site "Belgium BEL"]
[Date "2012.01.15"]
[Round "6.3"]
[White "Koch,T1"]
[Black "De Haan,E"]
[Result "1-0"]
[WhiteElo "2439"]
[BlackElo "2323"]

1.d4 Nf6 2.c4 g6 3.Nc3 d5 4.cxd5 Nxd5 5.e4 Nxc3 6.bxc3 Bg7 7.Bc4 c5 8.Ne2 Nc6
9.Be3 O-O 10.O-O Qc7 11.Rc1 b6 12.Qd2 Bb7 13.Bh6 Rad8 14.Bxg7 Kxg7 15.Qe3 e5
16.d5 Na5 17.Bd3 c4 18.Bc2 Bc8 19.f4 f6 20.Qg3 Qe7 21.Kh1 Nb7 22.Ng1 Nd6
23.Nf3 Nf7 24.Rb1 Bd7 25.Nd2 Nd6 26.Rf3 Rde8 27.Rbf1 b5 28.fxe5 fxe5 29.Rxf8 Rxf8
30.Rxf8 Kxf8 31.Qf2+ Ke8 32.Qxa7 Qg5 33.Qf2 b4 34.h4 Qh6 35.cxb4 c3 36.Nb3 Nc4
37.Qf6 Ba4 38.d6 Nxd6 39.Qe6+ Kf8 40.Qxd6+ Kg8 41.Qd8+ Kf7 42.Qc7+ Kf8 43.Qxc3  1-0

[Event "72nd ch-ARM"]
[Site "Yerevan ARM"]
[Date "2012.01.15"]
[Round "5"]
[White "Grigoryan,K2"]
[Black "Melkumyan,H"]
[Result "0-1"]
[WhiteElo "2482"]
[BlackElo "2620"]

1.d4 Nf6 2.c4 g6 3.Nc3 d5 4.cxd5 Nxd5 5.e4 Nxc3 6.bxc3 Bg7 7.Nf3 c5 8.Be3 Qa5
9.Qd2 Nc6 10.Rb1 a6 11.Rc1 cxd4 12.cxd4 Qxd2+ 13.Kxd2 e6 14.Bd3 O-O 15.Rc4 Rd8
16.Rhc1 Bd7 17.Bg5 f6 18.Be3 Bf8 19.e5 fxe5 20.Bg5 exd4 21.Bxd8 Rxd8 22.Kd1 Ba3
23.Rb1 b5 24.Rc2 Nb4 25.Rd2 Nd5 26.Rb3 Bb4 27.Nxd4 Bxd2 28.Kxd2 Nf4 29.g3 e5
30.Ne2 Be6 31.Ra3 Rxd3+ 32.Rxd3 Nxd3 33.Kxd3 Bc4+ 34.Ke3 Bxe2 35.Kxe2 Kf7
36.Kd3 Ke6  0-1

[Event "10th Parsvnath Open"]
[Site "New Delhi IND"]
[Date "2012.01.17"]
[Round "5"]
[White "Alpysbayeva,A"]
[Black "Rajesh,VA"]
[Result "0-1"]
[WhiteElo "1991"]
[BlackElo "2338"]

1.d4 Nf6 2.c4 g6 3.Nc3 d5 4.cxd5 Nxd5 5.e4 Nxc3 6.bxc3 Bg7 7.Nf3 c5 8.Bb5+ Bd7
9.Bxd7+ Nxd7 10.O-O O-O 11.e5 cxd4 12.cxd4 Nb6 13.Bg5 Qd7 14.Qb3 Nd5 15.Rfd1 Rfc8
16.Rac1 h6 17.Be3 Bf8 18.Nd2 Rc6 19.Ne4 Rb6 20.Qc2 Qf5 21.Nc5 Qxc2 22.Rxc2 Rc8
23.Bd2 e6 24.g3 h5 25.Rcc1 Bxc5 26.dxc5 Rb5 27.c6 Rxc6 28.Rxc6 bxc6 29.Rc1 Rb2
30.Bh6 Rxa2 31.Rxc6 Re2 32.Ra6 Rxe5 33.Rxa7 g5 34.Ra8+ Kh7 35.Bf8 g4 36.Kg2 Re2
37.Bc5 Rc2 38.Bd4 Rd2 39.Bc5 Rc2 40.Bd4 Kg6 41.h4 Kf5 42.Rh8 Ke4 43.Bg7 Rc7  0-1

[Event "10th Parsvnath Open"]
[Site "New Delhi IND"]
[Date "2012.01.17"]
[Round "5"]
[White "Bitan,B"]
[Black "Paragua,M"]
[Result "1/2-1/2"]
[WhiteElo "2331"]
[BlackElo "2522"]

1.d4 Nf6 2.c4 g6 3.Nc3 d5 4.cxd5 Nxd5 5.e4 Nxc3 6.bxc3 Bg7 7.Nf3 O-O 8.Be3 c5
9.Be2 Qa5 10.Nd2 Qxc3 11.Rc1 Qa3 12.Rxc5 Nc6 13.Qb3 Qxb3 14.Nxb3 Rd8 15.d5 Ne5
16.Rc7 Rd7 17.Rc1 f5 18.f4 Ng4 19.Bxg4 fxg4 20.Kf2 b6 21.Nd4 e5 22.Nc6 exf4
23.Bxf4 Bb7 24.Kg3 Re8 25.Rhe1 h5 26.Nxa7 Rf7 27.Bd6 Rd8 28.e5 Bxd5 29.Nc6 Re8
30.Nb4 Bb7 31.Rc7 g5 32.Rxf7 Kxf7 33.h3 gxh3 34.gxh3 h4+ 35.Kf2 Ke6 36.Nc2 Bf8
37.Nd4+ Kd7 38.Rg1 Bxd6 39.exd6 Rg8 40.Rb1 Kxd6 41.Rxb6+ Kc7 42.Rh6 Bc8 43.Ne6+  1/2-1/2

[Event "11th Prague Open A"]
[Site "Prague CZE"]
[Date "2012.01.17"]
[Round "5"]
[White "Kashebayev,Azamat"]
[Black "Svoboda,S"]
[Result "0-1"]
[WhiteElo "2131"]
[BlackElo "2285"]

1.d4 Nf6 2.c4 g6 3.Nc3 d5 4.cxd5 Nxd5 5.e4 Nxc3 6.bxc3 Bg7 7.Bc4 c5 8.Ne2 Nc6
9.Be3 O-O 10.O-O e6 11.f4 Na5 12.Bd3 f5 13.dxc5 Qc7 14.e5 Rd8 15.Nd4 a6 16.Nb3 Bf8
17.Rb1 Nxb3 18.Rxb3 Bd7 19.Qe2 Bxc5 20.Rfb1 Ba4 21.Rxb7 Bxe3+ 22.Qxe3 Qxc3
23.Qh3 Rd7 24.Rxd7 Bxd7 25.Qf3 Bc6 26.Qf1 Rd8 27.Rc1 Qd4+ 28.Kh1 Qxd3 29.Qxd3 Rxd3
30.Kg1 Bd5 31.Rc2 Rd4  0-1

[Event "TCh-LTU 2012"]
[Site "Lithuania LTU"]
[Date "2012.01.21"]
[Round "1"]
[White "Laurusas,T"]
[Black "Bieliauskas,M"]
[Result "1-0"]
[WhiteElo "2369"]
[BlackElo "2143"]

1.c4 Nf6 2.Nc3 d5 3.cxd5 Nxd5 4.d4 g6 5.e4 Nxc3 6.bxc3 Bg7 7.Bc4 c5 8.Ne2 Nc6
9.Be3 O-O 10.O-O Qc7 11.Rb1 Rd8 12.Bf4 e5 13.Bg5 Rd7 14.d5 Na5 15.Bb5 Rd6
16.f4 f6 17.fxe5 fxg5 18.exd6 Qxd6 19.Qa4 b6 20.Rf2 Bb7 21.Rbf1 Rd8 22.Rf7 Rf8
23.Rxf8+ Bxf8 24.Bd7 Ba6 25.Be6+ Kg7 26.Qe8  1-0

[Event "Gibraltar Open"]
[Site "Caleta ENG"]
[Date "2012.01.24"]
[Round "1.29"]
[White "Aranha Filho,A"]
[Black "Brunello,S"]
[Result "0-1"]
[WhiteElo "2307"]
[BlackElo "2581"]

1.d4 Nf6 2.c4 g6 3.Nc3 d5 4.cxd5 Nxd5 5.e4 Nxc3 6.bxc3 Bg7 7.Nf3 c5 8.Bb5+ Nd7
9.O-O O-O 10.Qe2 a6 11.Bd3 cxd4 12.cxd4 Nc5 13.Be3 Nxd3 14.Qxd3 Bd7 15.Rfc1 Rc8
16.Rxc8 Qxc8 17.Rc1 Qb8 18.h3 Rc8 19.Qd2 b5 20.Bf4 Rxc1+ 21.Qxc1 Qc8 22.Qxc8+ Bxc8
23.d5 f5 24.e5 Bb7 25.d6 exd6 26.exd6 Kf7 27.Ng5+ Ke8 28.Ne6 Bc3 29.Nc5 Bc8
30.d7+ Bxd7 31.Nxa6 Ke7 32.h4 Be6 33.Bg5+ Kf7 34.a3 Bb2 35.Bd2 Bxa3 36.f4 Be7
37.g3 Bc8 38.Nb4 Bc5+ 39.Kf1 Be6 40.Ke2 Bc4+ 41.Kd1 Ke6 42.Be1 Kd6 43.Na6 Bg1
44.Nb4 Kc5 45.Kc1 Kd4 46.Kd2 Ke4 47.Nc6 Bd5 48.Nb4 Be6 49.Nc6 Kf3 50.Ne5+ Kg2
51.Ke2  0-1

[Event "Gibraltar Open"]
[Site "Caleta ENG"]
[Date "2012.01.25"]
[Round "2.40"]
[White "Pettersson,Anders1"]
[Black "Sutovsky,E"]
[Result "0-1"]
[WhiteElo "2219"]
[BlackElo "2703"]

1.d4 Nf6 2.c4 g6 3.Nc3 d5 4.cxd5 Nxd5 5.e4 Nxc3 6.bxc3 Bg7 7.Bc4 O-O 8.Ne2 Nc6
9.O-O b6 10.Rb1 Bb7 11.Be3 Qd6 12.Qd2 Rad8 13.Rfd1 Na5 14.Bd3 e5 15.f3 Qc6
16.d5 Qa4 17.Qc1 Qd7 18.c4 c6 19.dxc6 Qxc6 20.c5 bxc5 21.Qxc5 Bh6 22.Bf2 Qxc5
23.Bxc5 Rfe8 24.Bxa7 Ra8 25.Bb6 Ba6 26.Nc3 Nc4 27.Nd5 Reb8 28.Bc7 Rxb1 29.Bxb1 Nb2
30.Re1 Bd2 31.Rf1 Bxf1 32.Kxf1 Nc4 33.Ke2 Bg5 34.Bc2 Rxa2 35.Kd3 Na3 36.Nb4 Rb2
37.Bd6 f6 38.Kc3 Rxc2+  0-1

[Event "Gibraltar Open"]
[Site "Caleta ENG"]
[Date "2012.01.27"]
[Round "4.116"]
[White "Gallach Perez,Y"]
[Black "Salomon,J"]
[Result "1/2-1/2"]
[WhiteElo "1843"]
[BlackElo "2002"]

1.d4 Nf6 2.c4 g6 3.Nc3 d5 4.cxd5 Nxd5 5.e4 Nxc3 6.bxc3 Bg7 7.Bc4 c5 8.Ne2 Nc6
9.Be3 O-O 10.O-O Bd7 11.Qd2 Rc8 12.Rac1 a6 13.Rfd1 cxd4 14.cxd4 b5 15.Bd3 Qa5
16.Qb2 Rfd8 17.Qb3 Qb4 18.d5 Qxb3 19.axb3 Nb4 20.Bb1 Bb2 21.Bb6 Bxc1 22.Bxd8 Rxd8
23.Rxc1 e6 24.Nf4 exd5 25.Nxd5 Nxd5 26.exd5 Kf8 27.f4 Rc8 28.Rxc8+ Bxc8 29.Be4 Ke7
30.Kf2 Kd6 31.Ke3 Kc5 32.Bf3 a5 33.Kd3 Bb7 34.d6 Bc8 35.h3 Kxd6 36.Kd4 Bd7
37.h4 a4 38.bxa4 bxa4 39.Kc4 Be6+ 40.Kb4 Bd5 41.Bd1 Bxg2 42.Bxa4 Ke6 43.Bc2 Kf6
44.Kc5 Kg7 45.Kd4 Kh6 46.Ke3 Bh3 47.Kf2 Kg7 48.Kg3 Be6 49.Bd3 Kf6 50.Be4 h6
51.Bd3 Bf5 52.Bc4 Ke7 53.Bd5 Be6 54.Be4 Kd6 55.Bc2 Kc5 56.Ba4 Kd4 57.Bc6 Ke3
58.Be8 Bd5 59.Bd7 Be6 60.Be8 Bc4 61.Bc6 f5 62.Bd7 Bd3 63.Be6 g5 64.hxg5 hxg5
65.fxg5 f4+ 66.Kh2 f3 67.Kg3 f2 68.Bh3 Ke2 69.Kf4 Ke1 70.Ke3 Bf5 71.Bg2 Bg6
72.Bh3 Bh7 73.Bg2 Bf5 74.Kf4 Bd3 75.Ke3 Bg6 76.Bh3 Bf7 77.Bg2 Be6 78.g6 f1=Q
79.Bxf1  1/2-1/2

[Event "Gibraltar Open"]
[Site "Caleta ENG"]
[Date "2012.01.27"]
[Round "4.6"]
[White "Laznicka,V"]
[Black "Kulaots,K"]
[Result "1-0"]
[WhiteElo "2704"]
[BlackElo "2581"]

1.d4 Nf6 2.c4 g6 3.Nc3 d5 4.cxd5 Nxd5 5.e4 Nxc3 6.bxc3 Bg7 7.Be3 c5 8.Nf3 Qa5
9.Nd2 Nd7 10.Qc2 O-O 11.Be2 Nf6 12.O-O Ng4 13.Bf4 cxd4 14.cxd4 e5 15.Nc4 Qc7
16.Bg3 b5 17.h3 Nxf2 18.Rxf2 bxc4 19.Bxc4 Bb7 20.Qd3 Kh8 21.Rc1 Rac8 22.d5 f5
23.Rfc2 Qd6 24.Bb3 Rxc2 25.Qxc2 Rc8 26.Qxc8+ Bxc8 27.Rxc8+ Bf8 28.Rxf8+  1-0

[Event "Gibraltar Open"]
[Site "Caleta ENG"]
[Date "2012.01.28"]
[Round "5.122"]
[White "Neumanova,M"]
[Black "Flynn,D"]
[Result "0-1"]
[WhiteElo "1696"]
[BlackElo "1973"]

1.d4 Nf6 2.c4 g6 3.Nc3 d5 4.cxd5 Nxd5 5.e4 Nxc3 6.bxc3 Bg7 7.Nf3 c5 8.Rb1 O-O
9.Be2 Qa5 10.Bd2 Qxa2 11.O-O Qe6 12.Qc2 a6 13.d5 Qd6 14.c4 e6 15.g3 Nd7 16.Rfd1 b6
17.Ng5 h6 18.Nh3 exd5 19.cxd5 b5 20.f4 Re8 21.Bf3 Bb7 22.e5 Qc7 23.Be4 Nf8
24.g4 Qd7 25.e6 fxe6 26.Bxg6 Qxd5  0-1

[Event "Gibraltar Open"]
[Site "Caleta ENG"]
[Date "2012.01.28"]
[Round "5.52"]
[White "Peredy,F"]
[Black "Hunt,A"]
[Result "0-1"]
[WhiteElo "2180"]
[BlackElo "2462"]

1.d4 Nf6 2.c4 g6 3.Nc3 d5 4.cxd5 Nxd5 5.e4 Nxc3 6.bxc3 Bg7 7.Nf3 c5 8.Rb1 O-O
9.Be2 b6 10.O-O Qc7 11.Be3 Bb7 12.Qd3 Nd7 13.d5 e6 14.c4 Rae8 15.Rfd1 exd5
16.exd5 Nf6 17.Qa3 Bc8 18.h3 Ne4 19.Rb3 f5 20.Bd3 f4 21.Bc1 Nd6 22.Bb2 Rf7
23.Bxg7 Rxg7 24.Qc1 g5 25.Re1 Rge7 26.Rxe7 Qxe7 27.Rb1 Qg7 28.Qd2 Re7 29.Re1 h6
30.Rxe7 Qxe7 31.a4 Qf6 32.Qe1 Bd7 33.Ne5 Qe7 34.Qa1 Qg7 35.Qe1 Qe7 36.Qa1 Qg7
37.Qe1 Bxa4 38.Nc6 Qf6 39.Nxa7 f3 40.gxf3 Bd7 41.Nc6 Bxh3 42.Qe3 Kg7 43.Kh2 Bc8
44.Kg2 h5 45.Kg1 h4 46.Be2 Nf7 47.Qe8 Nd6 48.Qe3 Nf7 49.Qe8 Bf5 50.Ne7 Qa1+
51.Kg2 h3+ 52.Kh2 Qe5+ 53.Kg1 Bh7 54.Bf1 h2+ 55.Kg2 g4 56.Be2 g3 57.d6 h1=Q+  0-1

[Event "TCh-CAT 2012"]
[Site "Catalunya ESP"]
[Date "2012.01.28"]
[Round "1.10"]
[White "Hernandez Casillas,J"]
[Black "Subirats Ruiz,S"]
[Result "1/2-1/2"]
[WhiteElo "2177"]
[BlackElo "2160"]

1.c4 Nf6 2.Nc3 d5 3.cxd5 Nxd5 4.d4 g6 5.e4 Nxc3 6.bxc3 Bg7 7.Bc4 c5 8.Ne2 O-O
9.O-O Nc6 10.Be3 Qc7 11.Rc1 Rd8 12.f3 e5 13.Bd5 Na5 14.dxc5 Nc4 15.Qd3 Nxe3
16.Qxe3 Bf8 17.Kh1 Qxc5 18.Qg5 Be6 19.c4 Re8 20.Nc3 Rad8 21.Rfd1 a6 22.Bxb7 Be7
23.Qg3 Rxd1+ 24.Nxd1 Qa3 25.Ra1 Bxc4 26.Qxe5 Rd8 27.Bd5 Bxd5 28.exd5 Bf8
29.Qe2 Rxd5 30.Nf2 Rc5 31.g3 Rc3 32.Kg2  1/2-1/2

[Event "ch-Paracin 2012"]
[Site "Paracin SRB"]
[Date "2012.01.28"]
[Round "7.3"]
[White "Mladenovic,St"]
[Black "Dinic,Dr"]
[Result "1/2-1/2"]
[WhiteElo "2181"]
[BlackElo "2310"]

1.d4 Nf6 2.c4 g6 3.Nc3 d5 4.cxd5 Nxd5 5.e4 Nxc3 6.bxc3 Bg7 7.Be3 O-O 8.Qd2 c5
9.Nf3 cxd4 10.cxd4 Nc6 11.Rd1 Bg4 12.Be2 Qa5 13.Qxa5 Nxa5 14.Nd2 Bxe2 15.Kxe2 Rfd8
16.d5 b6 17.Rc1 Rac8 18.Bg5  1/2-1/2

[Event "TCh-BEL 2011-12"]
[Site "Belgium BEL"]
[Date "2012.01.29"]
[Round "7.5"]
[White "Piceu,T"]
[Black "Kaufeld,J"]
[Result "0-1"]
[WhiteElo "2333"]
[BlackElo "2261"]

1.d4 Nf6 2.c4 g6 3.Nc3 d5 4.cxd5 Nxd5 5.e4 Nxc3 6.bxc3 Bg7 7.Nf3 c5 8.Rb1 O-O
9.Be2 cxd4 10.cxd4 Qa5+ 11.Qd2 Qxd2+ 12.Bxd2 b6 13.O-O Bb7 14.d5 Ba6 15.Rfe1 Bxe2
16.Rxe2 Na6 17.Bg5 Rfe8 18.h4 Rad8 19.a4 h6 20.Be3 e6 21.Rd2 exd5 22.exd5 Rd7
23.d6 Red8 24.Bf4 Nc5 25.a5 Ne4 26.Rd3 bxa5 27.Rb5 Nc3 28.Rb2 a4 29.Be5 a3
30.Rb3 a2 31.Ra3 Bxe5 32.Nxe5 Rxd6 33.Rdxc3 Rd1+ 34.Kh2 a1=Q 35.Rxa1 Rxa1
36.Rc7 Rf8 37.Nd7 Ra8 38.Ne5 a5 39.Nxf7 a4 40.Nxh6+ Kf8 41.Ng4 a3 42.Rh7 Ra6  0-1

[Event "Gibraltar Open"]
[Site "Caleta ENG"]
[Date "2012.01.29"]
[Round "6.66"]
[White "Schiendorfer,E"]
[Black "Allor,C"]
[Result "1-0"]
[WhiteElo "2354"]
[BlackElo "2145"]

1.d4 Nf6 2.c4 g6 3.Nc3 d5 4.cxd5 Nxd5 5.e4 Nxc3 6.bxc3 Bg7 7.Bc4 c5 8.Ne2 Nc6
9.Be3 O-O 10.O-O Na5 11.Bd3 b6 12.Qd2 e6 13.Bh6 Bb7 14.Rad1 cxd4 15.cxd4 Rc8
16.Bxg7 Kxg7 17.Qb4 Rc7 18.Rc1 Qe7 19.Qxe7 Rxe7 20.f3 Rd8 21.Rfd1 Bc6 22.Kf2 Ba4
23.Rd2 Rdd7 24.Bc2 Bxc2 25.Rdxc2 b5 26.Rc8 a6 27.Ra8 Ra7 28.Rcc8 Rec7 29.Rg8+ Kh6
30.Rxa7 Rxa7 31.g4 f6 32.h4 g5 33.hxg5+ fxg5 34.Re8 Rg7 35.Rxe6+ Rg6 36.Re8 Rc6
37.d5 Rc2 38.d6 Rd2 39.Rg8 Nc6 40.Ke3 Rxd6 41.Ng3 Nd4 42.Nf5+ Nxf5+ 43.gxf5 b4
44.e5  1-0